भारत भवानी : (Record no. 113759)
[ view plain ]
| 000 -LEADER | |
|---|---|
| fixed length control field | 01230nam a22002657a 4500 |
| 005 - DATE AND TIME OF LATEST TRANSACTION | |
| control field | 20170124102958.0 |
| 010 ## - LIBRARY OF CONGRESS CONTROL NUMBER | |
| LC control number | B-071445 |
| 020 ## - INTERNATIONAL STANDARD BOOK NUMBER | |
| Terms of availability | 500.00 |
| International Standard Book Number | 81860440005 |
| 035 ## - SYSTEM CONTROL NUMBER | |
| System control number | B-071445 |
| 037 ## - SOURCE OF ACQUISITION | |
| Source of stock number/acquisition | Cen Lib/Ret |
| 040 ## - CATALOGING SOURCE | |
| Original cataloging agency | DPL |
| Language of cataloging | HN |
| 082 ## - DEWEY DECIMAL CLASSIFICATION NUMBER | |
| Classification number | 821 |
| Item number | रसिक |
| 100 ## - MAIN ENTRY--PERSONAL NAME | |
| Personal name | रसिक बिहारी मंजुल |
| 9 (RLIN) | 42396 |
| 245 ## - TITLE STATEMENT | |
| Title | भारत भवानी : |
| Statement of responsibility, etc | रसिक बिहारी मंजुल |
| Remainder of title | कारगिल युद्ध से जुडी कुछ कविताएँ / |
| 246 ## - VARYING FORM OF TITLE | |
| Title proper/short title | Bharat bhavani : kargil yudh se judi kuch kavitayen |
| Remainder of title | by Rasik Bihari Manjul |
| 260 ## - PUBLICATION, DISTRIBUTION, ETC. (IMPRINT) | |
| Place of publication, distribution, etc | नई दिल्ली |
| Name of publisher, distributor, etc | रविम प्रकाशन |
| Date of publication, distribution, etc | 2000 |
| 270 ## - ADDRESS | |
| Address | 107-108,ई -16, सेक्टर 8,रोहिणी |
| City | नई ल्ली |
| Postal code | 110085 |
| 300 ## - PHYSICAL DESCRIPTION | |
| Extent | xviii,282पृष्ठ. : |
| Dimensions | 21सेमी(सजिल्द) |
| Other physical details | चित्र . |
| 650 ## - SUBJECT ADDED ENTRY--TOPICAL TERM | |
| Topical term or geographic name as entry element | हिंदी साहित्य |
| 9 (RLIN) | 53728 |
| 650 ## - SUBJECT ADDED ENTRY--TOPICAL TERM | |
| Topical term or geographic name as entry element | हिंदी काव्य-कारगिल युद्ध |
| 9 (RLIN) | 47204 |
| 650 ## - SUBJECT ADDED ENTRY--TOPICAL TERM | |
| Topical term or geographic name as entry element | Hindi Literature |
| 9 (RLIN) | 53729 |
| 650 ## - SUBJECT ADDED ENTRY--TOPICAL TERM | |
| Topical term or geographic name as entry element | Hindi poetry - Kargil |
| 9 (RLIN) | 53730 |
| 700 ## - ADDED ENTRY--PERSONAL NAME | |
| 9 (RLIN) | 53319 |
| 942 ## - ADDED ENTRY ELEMENTS (KOHA) | |
| Source of classification or shelving scheme | Dewey Decimal Classification |
| Koha item type | Hindi Books |
| Classification part | 821 |
| Call number suffix | रसिक |
| Withdrawn status | Lost status | Damaged status | Not for loan | Home library | Current library | Date acquired | Source of acquisition | Cost, normal purchase price | Total Checkouts | Full call number | Barcode | Date last seen | Copy number | Cost, replacement price | Price effective from | Koha item type |
|---|---|---|---|---|---|---|---|---|---|---|---|---|---|---|---|---|
| Central Library | Central Library | 13/08/2015 | Cen Lib/Ret | 500.00 | 821 रसिक | B-071445 | 13/08/2015 | 1 | 500.00 | 13/08/2015 | Hindi Books |
